[Event "Orel"]
[Site "Orel"]
[Date "1995.??.??"]
[Round "2"]
[White "Dyachkov, Sergej"]
[Black "Yandemirov, Valeri"]
[Result "1-0"]
[WhiteElo "2490"]
[BlackElo "2525"]

1.d4 Nf6 2.c4 g6 3.Nc3 d5 4.cxd5 Nxd5 5.e4 Nxc3 6.bxc3 Bg7 7.Bb5+ c6 8.Ba4 O-O
9.Ne2 c5 10.O-O Nc6 11.Be3 Na5 12.Rb1 Nc4 13.Bg5 Qc7 14.Qd3 Na3 15.Rb2 Qa5
16.Bd1 cxd4 17.Bxe7 Re8 18.Bb4 Qb5 19.Bc2 dxc3 20.Rb3 Be6 21.Bxa3 Qxd3 22.Bxd3 Bxb3
23.axb3 Rac8 24.Nf4 Bf8 25.Bc1 Bh6 26.Nd5 Bxc1 27.Rxc1 Kf8 28.f3 Rc5 29.b4 Rcc8
30.Kf2 a5 31.bxa5 Rc5 32.a6 bxa6 33.Bxa6 Ra8 34.Be2 Ra3 35.Ke3 c2+ 36.Kd4 Rc8
37.Bc4 Rb8 38.Rxc2 Rb1 39.Nc3 Rh1 40.Rb2 Rxh2 41.Rb7 Rxg2 42.Rxf7+ Ke8 43.Nb5 Rd2+
44.Kc5 Ra5 45.Kb6 Ra1 46.Nc7+ Kd8 47.Bb5 Rd6+ 48.Kc5  1-0

[Event "LTU-ch (Women)"]
[Site "Panevezys"]
[Date "1995.??.??"]
[Round "7"]
[White "Dambravaite, Rita"]
[Black "Malisauskiene, Marina"]
[Result "1/2-1/2"]
[WhiteElo "2170"]
[BlackElo "2080"]

1.d4 Nf6 2.c4 g6 3.Nc3 d5 4.cxd5 Nxd5 5.e4 Nxc3 6.bxc3 Bg7 7.Bc4 O-O 8.Ne2 c5
9.O-O cxd4 10.cxd4 Nc6 11.Be3 Qa5 12.Rc1 Bg4 13.f3 Bd7 14.Qb3 Rab8 15.Bd3 a6
16.d5 Ne5 17.Bb1 Bb5 18.Rc2 Ba4 19.Qa3 b5 20.Nd4 b4 21.Qc1 Bxc2 22.Qxc2 Rbc8
23.Qe2 Qa3 24.Nb3 a5 25.Bc1 Qa4 26.f4 Nc4 27.e5 Qb5 28.Be4 a4 29.Nd2 Qc5+
30.Qf2 Rfd8 31.g4 Qxf2+ 32.Kxf2 Nb6 33.e6 Nxd5 34.exf7+ Kxf7 35.f5 Bd4+ 36.Kg3 Kg7
37.fxg6 hxg6 38.Nf3 Nf6 39.Bb1 Ba1 40.h3 e5 41.Ng5 Rd6 42.Kf2 Rdc6 43.Be3 Bd4
44.Bxd4 exd4 45.Re1 Re8 46.Rd1 Rd8 47.Nf3 Rcd6 48.Ne5 g5 49.Bc2 b3 50.axb3 axb3
51.Bxb3 Rb8 52.Bc4 Ne4+ 53.Kg1 Nc3 54.Rd2 Rb1+ 55.Kg2 Re1 56.Nf3 Rd1 57.Rc2 Rc6
58.Be2 Rf6 59.Bxd1 Nxd1 60.Rc7+ Kh6 61.Nxd4 Ne3+ 62.Kh2 Ra6 63.Rc5 Ra4 64.Ne6 Nxg4+
65.Kg3 Nf6 66.Nxg5 Ne4+  1/2-1/2

[Event "Pardubice op"]
[Site "Pardubice"]
[Date "1995.??.??"]
[Round "?"]
[White "Ruzele, Darius"]
[Black "Schoen, Wolfram"]
[Result "0-1"]
[WhiteElo "2505"]
[BlackElo "2400"]

1.d4 Nf6 2.c4 g6 3.Nc3 d5 4.cxd5 Nxd5 5.e4 Nxc3 6.bxc3 Bg7 7.Bb5+ c6 8.Ba4 b5
9.Bb3 b4 10.Bb2 bxc3 11.Bxc3 Ba6 12.Rc1 Nd7 13.Ne2 O-O 14.O-O c5 15.d5 Bxc3
16.Rxc3 Qa5 17.Rh3 c4 18.Bc2 c3 19.Re1 Bxe2 20.Rxe2 Rab8 21.e5 Rb2 22.a4 Rfb8
23.Rhe3 Qb4 24.g3 Nc5 25.h4 Nb3 26.Re4 Qc5 27.d6 Nd2 28.dxe7 Qxe7 29.R4e3 Rd8
30.Qc1 Qb7 31.Kh2 Nf3+ 32.Kh3 Nd4 33.e6 Nxe2 34.Rxe2 fxe6 35.Qe3 Qh1+ 36.Kg4 Rb4+
37.f4 Qd5 38.Qxc3 Rc4 39.Qe3 Rxc2 40.Rxc2 Qf5+ 41.Kf3 Rd3 42.Rc8+ Kg7  0-1

[Event "Pardubice op"]
[Site "Pardubice"]
[Date "1995.??.??"]
[Round "?"]
[White "Cvek, Robert"]
[Black "David, Pavel"]
[Result "1/2-1/2"]
[WhiteElo "2285"]
[BlackElo "2440"]

1.d4 Nf6 2.c4 g6 3.Nc3 d5 4.cxd5 Nxd5 5.e4 Nxc3 6.bxc3 Bg7 7.Be3 c5 8.Qd2 Qa5
9.Rb1 b6 10.Bb5+ Bd7 11.Be2 O-O 12.Rc1 e6 13.Nf3 Bc6 14.d5 exd5 15.exd5 Rd8
16.c4 Qxd2+ 17.Kxd2 Ba4 18.Bd1 Bxd1 19.Rhxd1  1/2-1/2

[Event "Pardubice op"]
[Site "Pardubice"]
[Date "1995.??.??"]
[Round "?"]
[White "Kragelj, Igor"]
[Black "Malisauskas, Vidmantas"]
[Result "0-1"]
[WhiteElo "2245"]
[BlackElo "2510"]

1.d4 Nf6 2.c4 g6 3.Nc3 d5 4.cxd5 Nxd5 5.e4 Nxc3 6.bxc3 Bg7 7.Be3 c5 8.Qd2 O-O
9.Nf3 Bg4 10.Ng5 cxd4 11.cxd4 Nc6 12.h3 Bd7 13.Rb1 Rc8 14.Nf3 Na5 15.Bd3 Nc4
16.Bxc4 Rxc4 17.Rxb7 Bc6 18.Rxa7 Qb8 19.Rxe7 Qb1+ 20.Qd1 Qb4+ 21.Nd2 Rc3
22.Rc7 Ba4 23.Rxc3 Bxd1 24.Rc4 Qa3 25.Kxd1 Qd3 26.Kc1 Rb8  0-1

[Event "World op"]
[Site "Philadelphia"]
[Date "1995.??.??"]
[Round "4"]
[White "Paschall, William M"]
[Black "Song, Paul"]
[Result "1/2-1/2"]
[WhiteElo "2330"]
[BlackElo "2175"]

1.d4 Nf6 2.c4 g6 3.Nc3 d5 4.cxd5 Nxd5 5.e4 Nxc3 6.bxc3 Bg7 7.Nf3 O-O 8.Be2 c5
9.Rb1 Qa5 10.Rb5 Qxa2 11.Rxc5 Qe6 12.Ng5 Qb6 13.O-O Bd7 14.Ba3 Na6 15.Rd5 Bc6
16.Bxe7 Bxd5 17.exd5 Rfe8 18.d6 Bf8 19.Bc4 Bxe7 20.Nxf7 Kg7 21.Qd2 Bxd6 22.Qh6+ Kf6
23.Qxh7 Qc7 24.Qh4+ Kg7 25.Qh6+ Kf6 26.Qg5+ Kg7 27.Qh6+  1/2-1/2

[Event "World op"]
[Site "Philadelphia"]
[Date "1995.??.??"]
[Round "9"]
[White "Leverett, Bruce W"]
[Black "Svidler, Peter"]
[Result "0-1"]
[WhiteElo "2270"]
[BlackElo "2585"]

1.d4 Nf6 2.c4 g6 3.Nc3 d5 4.cxd5 Nxd5 5.e4 Nxc3 6.bxc3 Bg7 7.Bc4 c5 8.Ne2 O-O
9.Be3 Nc6 10.O-O Bd7 11.f4 e6 12.g4 Rc8 13.dxc5 Na5 14.Bd3 Ba4 15.Qd2 Qh4
16.g5 Rfd8 17.Bd4 e5 18.fxe5 Nc6 19.Rf6 Qg4+ 20.Ng3 Nxd4 21.cxd4 Rxd4 22.Qe3 Rcd8
23.Be2 Qc8 24.Rc1 Qc7 25.Qf4 Be8 26.e6 Qxf4 27.Rxf4 Be5 28.Rff1 fxe6 29.Bg4 Bd7
30.Kg2 Kg7 31.Rc2 Bc6 32.Re1 Rd2+ 33.Re2 Rxc2 34.Rxc2 Kf7 35.Bf3 Rd3 36.Ne2 Ba4
37.Rc4 Bc6 38.Rc2 Bxh2  0-1

[Event "Plzen opJ"]
[Site "Plzen"]
[Date "1995.??.??"]
[Round "4"]
[White "Pinc, Miroslav"]
[Black "Rocko, Ilja"]
[Result "0-1"]
[WhiteElo "2210"]
[BlackElo "2145"]

1.d4 Nf6 2.c4 g6 3.Nc3 d5 4.cxd5 Nxd5 5.e4 Nxc3 6.bxc3 Bg7 7.Bc4 O-O 8.Ne2 c5
9.O-O Nc6 10.Be3 Qc7 11.Rc1 Rd8 12.f4 e6 13.e5 b6 14.Qe1 Ne7 15.Ng3 Bb7 16.Qf2 Rac8
17.Bd3 Qd7 18.Rfd1 cxd4 19.cxd4 Nd5 20.Bd2 Qa4 21.Ne4 Bf8 22.Nc3 Nxc3 23.Bxc3 Rxc3  0-1

[Event "Polanica Zdroj op"]
[Site "Polanica Zdroj"]
[Date "1995.??.??"]
[Round "3"]
[White "Morchat, Miroslaw"]
[Black "Gorjatschkin, Wjatscheslaw"]
[Result "1-0"]
[WhiteElo "2240"]
[BlackElo "2415"]

1.d4 Nf6 2.c4 g6 3.Nc3 d5 4.cxd5 Nxd5 5.e4 Nxc3 6.bxc3 Bg7 7.Bc4 c5 8.Ne2 Nc6
9.Be3 O-O 10.O-O Bg4 11.f3 Bd7 12.Rc1 Rc8 13.d5 Ne5 14.Bb3 e6 15.c4 exd5
16.cxd5 Qa5 17.f4 c4 18.fxe5 cxb3 19.Qxb3 Bb5 20.Rxc8 Rxc8 21.d6 Rf8 22.Qd5 Qa3
23.Bc5 Qb2 24.d7 Qxe2 25.Rxf7 Kh8 26.h3 Rd8 27.e6 Bc6 28.e7 Rg8 29.Bd4 Qd1+
30.Kh2 Qxd4 31.Qxd4 Bxd4 32.e8=Q Be5+ 33.g3 Bxe4 34.Qxg8+  1-0

[Event "Policka op"]
[Site "Policka"]
[Date "1995.??.??"]
[Round "5"]
[White "Bagaturov, Giorgi"]
[Black "Obodchuk, Andrei"]
[Result "0-1"]
[WhiteElo "2460"]
[BlackElo "2430"]

1.d4 Nf6 2.c4 g6 3.Nc3 d5 4.cxd5 Nxd5 5.e4 Nxc3 6.bxc3 Bg7 7.Bb5+ c6 8.Ba4 Nd7
9.Ne2 O-O 10.O-O e5 11.Be3 Qe7 12.Qc2 Re8 13.f3 Nb6 14.Bb3 Be6 15.Rad1 Nc4
16.Bc1 b5 17.a4 a6 18.Kh1 Nb6 19.d5 cxd5 20.exd5 Bf5 21.Qa2 Rec8 22.Ng3 Bd7
23.d6 Qe8 24.axb5 axb5 25.Qf2 Na4 26.f4 Nxc3 27.Rde1 Be6 28.Bxe6 Qxe6 29.fxe5 b4
30.Qf3 Ra5 31.Bf4 b3 32.Bd2 Rac5 33.Bxc3 Rxc3 34.Qb7 R3c5 35.Ne4 Rxe5 36.Rxf7 Bf8
37.Ref1 Rxe4 38.Qxc8 Qxf7 39.Kg1 Rf4 40.Rxf4 Qxf4  0-1

[Event "Portoroz op"]
[Site "Portoroz"]
[Date "1995.??.??"]
[Round "?"]
[White "Prestrl, R."]
[Black "Vasic, P."]
[Result "0-1"]
[WhiteElo "1880"]
[BlackElo "2135"]

1.c4 Nf6 2.d4 g6 3.Nc3 d5 4.cxd5 Nxd5 5.e4 Nxc3 6.bxc3 Bg7 7.Bc4 O-O 8.Ne2 c5
9.O-O Nc6 10.Be3 cxd4 11.cxd4 b6 12.Bd5 Bb7 13.Rc1 Na5 14.Bxb7 Nxb7 15.Qa4 Nd6
16.f3 a6 17.Bg5 h6 18.Bh4 b5 19.Qb3 Nc4 20.Rfd1 Qd7 21.Bf2 Rfc8 22.d5 Nb2
23.Rd2 Rxc1+ 24.Nxc1 Rc8 25.Rc2 a5 26.Ne2 Rxc2 27.Qxc2 Nc4 28.Nc1 e6 29.Qd3 a4
30.dxe6 Qxe6 31.Bc5 Qf6 32.Qb1 Qg5 33.Nd3 Qd2 34.h3 h5 35.Nf2 Bb2 36.Qd3 Qg5
37.Qd5 Qc1+ 38.Qd1 Qg5 39.Qd5 Be5 40.Qa8+ Kh7 41.Qe8 Qc1+  0-1

[Event "CZE Moravia-ch"]
[Site "Prerov"]
[Date "1995.??.??"]
[Round "4"]
[White "Bazant, Petr Sr"]
[Black "Walek, Milan"]
[Result "1-0"]
[WhiteElo "2285"]
[BlackElo "2315"]

1.d4 Nf6 2.c4 g6 3.Nc3 d5 4.cxd5 Nxd5 5.e4 Nxc3 6.bxc3 Bg7 7.Be3 c5 8.Qd2 Qa5
9.Nf3 Nc6 10.Rb1 cxd4 11.cxd4 Qxd2+ 12.Kxd2 O-O 13.d5 Rd8 14.Bd3 Na5 15.Bg5 f6
16.Bf4 b6 17.Ke2 f5 18.exf5 gxf5 19.Rhd1 Kh8 20.d6 exd6 21.Rbc1 Be6 22.Rc2 Rac8
23.Rdc1 Rxc2+ 24.Rxc2 Bd5 25.Nh4 Nc6 26.Nxf5 Be5 27.Bxe5+ dxe5 28.Rc3 Rf8
29.Ne3 Nd4+ 30.Ke1 Bxa2 31.Ra3 Bg8 32.Rxa7 Rb8 33.Ng4 Nc6 34.Rc7 Nb4 35.Be4 Na6
36.Re7 Nc5 37.Bc2 b5 38.Nf6 e4 39.Nxe4 Nxe4 40.Bxe4 b4 41.Rb7 Rxb7 42.Bxb7 Kg7
43.Kd2 Kf6 44.Kd3 Ke5 45.g3 h6 46.Be4 Be6 47.f4+ Kd6 48.Kd4 Bf7 49.g4 Be6
50.f5 Bf7 51.h4 b3 52.g5 hxg5 53.hxg5 Bg8 54.g6 b2 55.Bb1 Bd5 56.Kc3 Ke5
57.Kxb2 Kf6 58.Kc3 Bg8 59.Kd4 Bb3 60.Bd3 Bg8 61.Bc2 Ba2 62.Kc5 Bg8 63.Kd6 Bc4
64.Be4 Bb3 65.Kd7 Ba4+ 66.Kd8 Bb5 67.Bc2 Bc6 68.Bb3 Be4 69.Be6 Bf3 70.Ke8 Bh5
71.Bf7 Bg4 72.Kf8 Bh5 73.Be8 Bf3 74.g7 Bd5 75.Bd7  1-0

[Event "Rishon Le Ziyyon YM-IM"]
[Site "Rishon Le Ziyyon"]
[Date "1995.??.??"]
[Round "1"]
[White "Kaminik, Aleksandar"]
[Black "Vydeslaver, Alik"]
[Result "0-1"]
[WhiteElo "2215"]
[BlackElo "2405"]

1.d4 Nf6 2.c4 g6 3.Nc3 d5 4.cxd5 Nxd5 5.e4 Nxc3 6.bxc3 Bg7 7.Bc4 c5 8.Ne2 Nc6
9.Be3 cxd4 10.cxd4 Qa5+ 11.Bd2 Qd8 12.Be3 O-O 13.O-O Na5 14.Bd3 b6 15.Rb1 e6
16.Qd2 Bb7 17.Bg5 Qd7 18.Bb5 Bc6 19.Bxc6 Nxc6 20.d5 Na5 21.Rfd1 Rfc8 22.Ng3 Nc4
23.Qf4 Rc5 24.Bf6 e5 25.Qh4 Bxf6 26.Qxf6 Qd8 27.Qxd8+ Rxd8 28.Rbc1 Kf8 29.h4 Ke7
30.Rc3 Rdc8 31.Rdc1 b5 32.Nf1 b4 33.R3c2 Kd6 34.Re2 a5 35.Ne3 Nxe3 36.Rxc5 Rxc5
37.Rxe3 Rc1+ 38.Kh2 Rc2 39.Rf3 Rxa2 40.Rxf7 b3 41.Rxh7 Rxf2 42.Kg3 b2 43.Rb7 Rc2
44.Rb6+ Kc7  0-1

[Event "Rishon Le Ziyyon YM-IM"]
[Site "Rishon Le Ziyyon"]
[Date "1995.??.??"]
[Round "6"]
[White "Tyomkin, Dimitri"]
[Black "Vydeslaver, Alik"]
[Result "1/2-1/2"]
[WhiteElo "2320"]
[BlackElo "2405"]

1.d4 Nf6 2.c4 g6 3.Nc3 d5 4.cxd5 Nxd5 5.e4 Nxc3 6.bxc3 Bg7 7.Nf3 O-O 8.Be2 c5
9.Rb1 Nc6 10.d5 Bxc3+ 11.Bd2 Bxd2+ 12.Qxd2 Na5 13.h4 Bg4 14.h5 Bxf3 15.gxf3 e5
16.f4 exf4 17.Qxf4 Qe7 18.f3 Rae8 19.Bb5 Qe5 20.Qxe5 Rxe5 21.Bd3 Rfe8 22.Kf2 g5
23.Rbg1 Kf8 24.h6 c4 25.Bb1 f6  1/2-1/2

[Event "Rishon Le Ziyyon YM-IM"]
[Site "Rishon Le Ziyyon"]
[Date "1995.??.??"]
[Round "10"]
[White "Rabinovich, Alexander"]
[Black "Vydeslaver, Alik"]
[Result "1/2-1/2"]
[WhiteElo "2280"]
[BlackElo "2405"]

1.d4 Nf6 2.c4 g6 3.Nc3 d5 4.cxd5 Nxd5 5.e4 Nxc3 6.bxc3 Bg7 7.Bc4 c5 8.Ne2 Nc6
9.Be3 cxd4 10.cxd4 O-O 11.O-O Na5 12.Bd3 b6 13.Rc1 e6 14.Qd2 Bb7 15.Bh6 Qe7
16.Bxg7 Kxg7 17.Rfd1 Rac8 18.Qe3  1/2-1/2

[Event "RLP-ch"]
[Site "Saarburg"]
[Date "1995.??.??"]
[Round "?"]
[White "Hoegerl, Gerd"]
[Black "Puth, Dieter"]
[Result "0-1"]
[WhiteElo "2275"]
[BlackElo "2190"]

1.d4 Nf6 2.c4 g6 3.Nc3 d5 4.cxd5 Nxd5 5.e4 Nxc3 6.bxc3 Bg7 7.Bc4 O-O 8.Ne2 c5
9.O-O Nc6 10.Be3 Qc7 11.Rc1 Rd8 12.Qd2 Qa5 13.Rfd1 cxd4 14.cxd4 Qxd2 15.Rxd2 e6
16.Bg5 Rd6 17.d5 exd5 18.exd5 Na5 19.Bb5 a6 20.Be8 Bg4 21.Be7 Rb6 22.Ba4 Bf8
23.d6 Rb4 24.Rd4 Rxd4 25.Nxd4 b5 26.h3 Rc8 27.Rxc8 Bxc8 28.Bd1 Nc4 29.a4 bxa4
30.Bxa4 Nxd6 31.Bd8 Nb7 32.Bc7 Bd6 33.Bxd6 Nxd6 34.Kf1 Kf8 35.Ke2 Nc4 36.Bb3 Nb6
37.Nc6 Bb7 38.Ne5 Bxg2 39.Nxf7  0-1

[Event "Sala op"]
[Site "Sala"]
[Date "1995.??.??"]
[Round "4"]
[White "Pribyl, Martin"]
[Black "Banas, Jan"]
[Result "1/2-1/2"]
[WhiteElo "2335"]
[BlackElo "2410"]

1.d4 Nf6 2.c4 g6 3.Nc3 d5 4.cxd5 Nxd5 5.e4 Nxc3 6.bxc3 Bg7 7.Bc4 O-O 8.Ne2 c5
9.Be3 Nc6 10.Rc1 Na5 11.Bd3 b6 12.Qd2 Qd7 13.Bh6 e5 14.d5 Nb7 15.O-O Nd6
16.Bxg7 Kxg7 17.f4 Qe7 18.f5 gxf5 19.exf5 f6 20.Ng3 Kh8  1/2-1/2

[Event "Salta Clarin op"]
[Site "Salta"]
[Date "1995.??.??"]
[Round "7"]
[White "Soppe, Guillermo"]
[Black "Minzer, Claudio Javier"]
[Result "1/2-1/2"]
[WhiteElo "2455"]
[BlackElo "2390"]

1.d4 Nf6 2.c4 g6 3.Nc3 d5 4.cxd5 Nxd5 5.e4 Nxc3 6.bxc3 Bg7 7.Nf3 c5 8.Bb5+ Nc6
9.O-O cxd4 10.cxd4 O-O 11.Be3 Bg4 12.Bxc6 bxc6 13.Rc1 Qa5 14.Rxc6 Qxa2 15.Rc7 Qe6
16.h3 Bxf3 17.Qxf3 Qd6 18.Rc5 a5 19.e5 Qd7 20.Ra1 a4 21.Qd1 Ra6 22.Qc2 Rfa8
23.Qc4  1/2-1/2

[Event "San Martin"]
[Site "San Martin"]
[Date "1995.??.??"]
[Round "1"]
[White "Sorokin, Maxim"]
[Black "Ricardi, Pablo"]
[Result "1/2-1/2"]
[WhiteElo "2535"]
[BlackElo "2530"]

1.d4 Nf6 2.c4 g6 3.Nc3 d5 4.cxd5 Nxd5 5.e4 Nxc3 6.bxc3 Bg7 7.Nf3 c5 8.Rb1 Nc6
9.d5 Ne5 10.Nxe5 Bxe5 11.Bb5+ Bd7 12.Qb3 O-O 13.Bxd7 Qxd7 14.O-O Rab8 15.c4 e6
16.Be3 b6 17.Rbd1 Rfe8 18.a4 exd5 19.Rxd5 Qe6 20.Rfd1 Rbc8 21.f3 Qc6 22.Qb5 Qc7
23.h3 Bf4 24.Bxf4 Qxf4 25.Rd7 Qe3+ 26.Kh1 Qe2 27.R7d2 Qe3 28.Rd7 Qe2 29.Qb3 Qf2
30.Rxa7 Rcd8 31.Rd5 h5 32.Qd1 Ra8 33.Rxa8 Rxa8 34.Rd8+ Rxd8 35.Qxd8+ Kg7
36.Qxb6 Qf1+ 37.Kh2 Qxc4 38.Qb2+ Kh7 39.a5 Qb4 40.Qa1 c4 41.a6 Qb8+ 42.Kh1 Qa7
43.Qf6 c3 44.Qxc3 Qxa6 45.h4 Qd6 46.Qc1 Kg7 47.Kg1 Kh7 48.Kf2 Kg7 49.Qg5 Kh7
50.Qd5 Qf4 51.Qd8 Qe5 52.Qd7 Kg7 53.Qd5 Qf4 54.Qg5 Qc7 55.Qe3 Kh7 56.e5 Qc4
57.Kg3 Kg7 58.Qf4 Qc3 59.Qe4 Qd2 60.Kh3 Qd7+ 61.Kh2 Qd2 62.Kg3 Kh7 63.f4 Qd7
64.f5 gxf5 65.Qe2 Kg6 66.Qa6+ Kh7 67.Qe2 Kg6 68.Qe3 Qd8 69.Kh3 Qe7 70.Qb6+ Kh7
71.Qd6 Qa7 72.Qf6 Qe3+ 73.g3 Qf3 74.Qxf7+ Kh6 75.Qf6+ Kh7 76.Qf7+ Kh6 77.Qa2 f4
78.Qg2 Qg4+ 79.Kh2 fxg3+ 80.Qxg3 Qe2+ 81.Kg1 Qd1+ 82.Kf2 Qd2+ 83.Kf3 Qd3+
84.Kf4 Qc4+ 85.Kf5 Qf7+  1/2-1/2

[Event "San Sebastian op"]
[Site "San Sebastian"]
[Date "1995.??.??"]
[Round "4"]
[White "Pogorelov, Ruslan"]
[Black "De la Villa Garcia, Jesus Maria"]
[Result "1/2-1/2"]
[WhiteElo "2440"]
[BlackElo "2490"]

1.d4 Nf6 2.c4 g6 3.Nc3 d5 4.cxd5 Nxd5 5.e4 Nxc3 6.bxc3 Bg7 7.Bc4 O-O 8.Be3 Nc6
9.Ne2 e5 10.d5 Na5 11.Bb3 b6 12.c4 f5 13.Bd2 Nb7 14.Bb4 Nd6 15.O-O f4 16.f3 g5
17.Nc3 Rf6 18.c5 bxc5 19.Bxc5 Rg6 20.Kh1 g4 21.fxg4 Bxg4 22.Qd3 Qg5 23.Rf2 Rh6
24.Bd1 Qh4 25.h3 Bxh3 26.gxh3 Qxh3+ 27.Qxh3 Rxh3+ 28.Rh2 Rxc3 29.Bxd6 cxd6
30.Bg4 Rb8 31.Be6+ Kh8 32.Bf5 h6 33.Rg1 f3 34.Rf2 Re3 35.Rg3 Rb1+ 36.Kh2 Ree1
37.Rfxf3 Rh1+ 38.Kg2 Bf6 39.Rb3 Rbg1+ 40.Kf3 Rf1+ 41.Kg2 Rhg1+ 42.Kh2 Rh1+
43.Kg2 Bg5 44.Rgc3 Rhg1+ 45.Kh3 Kg7 46.Rc6 Rh1+ 47.Kg2 Be7 48.Rc7 Kf6 49.Rxa7 Rhg1+
50.Kh2 Rh1+  1/2-1/2

[Event "Santa Cruz de la Palma op"]
[Site "Santa Cruz"]
[Date "1995.??.??"]
[Round "?"]
[White "Touzane, Olivier"]
[Black "Fernandez Garcia, Jose L"]
[Result "1/2-1/2"]
[WhiteElo "2310"]
[BlackElo "2445"]

1.d4 Nf6 2.c4 g6 3.Nc3 d5 4.cxd5 Nxd5 5.e4 Nxc3 6.bxc3 Bg7 7.Nf3 c5 8.Rb1 O-O
9.Be2 cxd4 10.cxd4 Qa5+ 11.Bd2 Qxa2 12.O-O Bd7 13.Rb4 Nc6 14.Ra4 Qb2 15.d5 Ne5
16.Rb4 Nxf3+ 17.Bxf3 Qa2 18.Rxb7 Ba4 19.Qe1 Rfb8 20.Qb1 Qxb1 21.Rfxb1 Be5
22.g3 Bc2 23.Rxb8+ Rxb8 24.Rxb8+ Bxb8 25.Kf1 f5 26.exf5 Bxf5 27.Ke2 Kf7 28.g4 Bd7
29.h4 Bc7 30.Kd3 Bb5+ 31.Ke4 e6 32.Kd4 Bd7 33.g5 exd5 34.Kxd5 a5 35.Bd1 a4
36.Kc4 a3 37.Bc3 Be6+ 38.Kb4 Bd6+ 39.Ka4 a2 40.h5 Bf4 41.hxg6+ hxg6 42.Bb3 Bxg5
43.Bxe6+ Kxe6 44.Kb3 Bh4 45.Kxa2 Bxf2 46.Kb3 g5 47.Kc4 Kf5 48.Kd3 Bb6 49.Ke2 Ke4
50.Kf1 Kf3 51.Bf6 g4 52.Be5 Bf2 53.Bd6 Bg3 54.Bc5 Bh4 55.Bd6 Bg5 56.Bc7 Bf4
57.Bxf4 Kxf4  1/2-1/2

[Event "Sarospatak op"]
[Site "Sarospatak"]
[Date "1995.??.??"]
[Round "?"]
[White "Juhasz, Bela"]
[Black "Najgebauer, Szemjon"]
[Result "0-1"]
[WhiteElo "2205"]
[BlackElo "2125"]

1.d4 Nf6 2.c4 g6 3.Nc3 d5 4.cxd5 Nxd5 5.e4 Nxc3 6.bxc3 Bg7 7.Nf3 O-O 8.Be2 c5
9.Rb1 Nc6 10.d5 Ne5 11.Nxe5 Bxe5 12.Qd2 Bg7 13.c4 Qc7 14.f4 Bd4 15.Bb2 Bxb2
16.Rxb2 Rd8 17.e5 a6 18.O-O Rb8 19.a4 b5 20.axb5 axb5 21.Rd1 b4 22.Bd3 Ra8
23.Re1 Ra3 24.f5 Bxf5 25.Bxf5 gxf5 26.Qg5+ Kh8 27.Qxf5 Qd7 28.Qxf7 Qe8 29.Qe6 Qd7
30.Qh6 Qg4 31.Rd2 Rg8 32.d6 Rh3 33.Qxh3 Qxh3 34.e6 exd6 35.e7 Qh5 36.Rxd6 Re8
37.Rd5 Qf7 38.Rde5 Qxc4 39.R5e4 Qd5 40.Rf4 Qd6  0-1

[Event "Sarospatak op"]
[Site "Sarospatak"]
[Date "1995.??.??"]
[Round "?"]
[White "Juhasz, Bela"]
[Black "Nemeth, Antal"]
[Result "1/2-1/2"]
[WhiteElo "2205"]
[BlackElo "2265"]

1.d4 Nf6 2.c4 g6 3.Nc3 d5 4.cxd5 Nxd5 5.e4 Nxc3 6.bxc3 Bg7 7.Nf3 c5 8.Rb1 Nc6
9.d5 Ne5 10.Nxe5 Bxe5 11.Qd2 O-O 12.f4 Bg7 13.c4 Bd4 14.Bb2 e5 15.Bxd4 cxd4
16.Bd3 f5 17.O-O fxe4 18.Bxe4 Qc7 19.fxe5 Rxf1+ 20.Rxf1 Qxe5 21.Re1 Bd7 22.Bxg6 Qg7
23.Bh5 Rf8 24.Qd3 Qf6 25.Qg3+ Kh8 26.Qe5 b6 27.Qxf6+ Rxf6 28.Rd1 Rf4 29.g3 Re4
30.Bf3 Re3 31.Kf2 Ra3 32.Rxd4 Rxa2+ 33.Be2 Kg7 34.d6 Kf7 35.Ke3 Ke8 36.h4 Be6
37.Bd3 h6 38.Kf4 Kd7 39.g4 Rg2 40.Bf5 Bxf5 41.Kxf5 a5 42.g5 hxg5 43.hxg5 a4
44.g6 a3 45.Kf6 a2 46.Rd1 Rf2+ 47.Ke5 Rg2 48.Kf6 Rf2+ 49.Kg7 Rb2 50.Ra1 Kxd6
51.Kf8 Kc5 52.g7 Rf2+ 53.Ke7 Re2+ 54.Kf6 Rf2+  1/2-1/2

[Event "Sarospatak op"]
[Site "Sarospatak"]
[Date "1995.??.??"]
[Round "?"]
[White "Menyhart, Tibor"]
[Black "Najgebauer, Szemjon"]
[Result "1/2-1/2"]
[WhiteElo "2225"]
[BlackElo "2125"]

1.d4 Nf6 2.c4 g6 3.Nc3 d5 4.cxd5 Nxd5 5.e4 Nxc3 6.bxc3 Bg7 7.Nf3 c5 8.Be3 Nc6
9.Qd2 cxd4 10.cxd4 O-O 11.Bb5 Bg4 12.Bxc6 bxc6 13.Rc1 Rc8 14.O-O Qd7 15.Ne1 Rfd8
16.Nc2 e5 17.Bg5 f6 18.Be3 exd4 19.Qxd4 Qxd4 20.Nxd4 c5 21.Nb5 a6 22.Na3 Bf8
23.Nc4 Be6 24.Rc3 Kf7 25.Rfc1 Be7 26.a3 Bxc4 27.Rxc4 Rd3 28.a4 Ke6 29.Kf1 Rd7
30.Ke2 Rb7 31.R1c2 Rd7 32.Rb2 Rc6 33.Rb8 Bd6 34.Re8+  1/2-1/2

[Event "Sarospatak op"]
[Site "Sarospatak"]
[Date "1995.??.??"]
[Round "?"]
[White "Csizmadia, Laszlo"]
[Black "Repasi, Zoltan"]
[Result "1/2-1/2"]
[WhiteElo "2185"]
[BlackElo "2315"]

1.d4 Nf6 2.c4 g6 3.Nc3 d5 4.cxd5 Nxd5 5.e4 Nxc3 6.bxc3 Bg7 7.Nf3 c5 8.Rb1 O-O
9.Be2 Nc6 10.d5 Bxc3+ 11.Bd2 Bxd2+ 12.Qxd2 Nd4 13.Nxd4 cxd4 14.Qxd4 Qa5+
15.Qd2 Qxd2+ 16.Kxd2 e6 17.d6 e5 18.Rhd1 b6 19.Ke3 Rd8 20.Rbc1 Be6 21.a3 Rac8
22.Rxc8  1/2-1/2

[Event "Schwaebisch Gmuend op"]
[Site "Schwaebisch Gmuend"]
[Date "1995.??.??"]
[Round "?"]
[White "Arbakov, Valentin"]
[Black "Henrichs, Thomas"]
[Result "1-0"]
[WhiteElo "2500"]
[BlackElo "2325"]

1.c4 Nf6 2.d4 g6 3.Nc3 d5 4.cxd5 Nxd5 5.e4 Nxc3 6.bxc3 Bg7 7.Be3 c5 8.Rc1 Qa5
9.Qd2 O-O 10.Nf3 e6 11.d5 exd5 12.exd5 Re8 13.c4 Qa3 14.Bd3 Bg4 15.O-O Bxf3
16.gxf3 Nd7 17.Kg2 b6 18.h4 Qb2 19.Rc2 Qf6 20.h5 Qd6 21.Rh1 Nf6 22.hxg6 fxg6
23.Rcc1 Rf8 24.Rh4 Nh5 25.Rch1 Be5 26.Rxh5 gxh5 27.Rxh5 Rf7 28.Qc2 Rg7+ 29.Kf1 Qe7
30.Bh6 Rf7 31.Bf5 Rxf5 32.Qxf5 Re8 33.Bg7 Bxg7 34.Qxh7+  1-0

[Event "Skei"]
[Site "Skei"]
[Date "1995.??.??"]
[Round "8"]
[White "Glenne, Bjorn Erik"]
[Black "Tisdall, Jonathan D"]
[Result "0-1"]
[WhiteElo "2255"]
[BlackElo "2470"]

1.d4 Nf6 2.c4 g6 3.Nc3 d5 4.cxd5 Nxd5 5.e4 Nxc3 6.bxc3 Bg7 7.Bc4 O-O 8.Ne2 Nc6
9.O-O b6 10.Be3 Bb7 11.Rb1 Qd6 12.Qd2 Rad8 13.Rfd1 e6 14.Bg5 Rc8 15.e5 Nxe5
16.dxe5 Qc6 17.f3 Qxc4 18.Bf6 Bxf6 19.exf6 Qh4 20.Qd4 Qxd4+ 21.Nxd4 e5 22.Nb3 Rfe8
23.Rd2 h6 24.Na5 Ba8 25.Nc4 Re6 26.Rbd1 Bc6 27.Rd8+ Rxd8 28.Rxd8+ Kh7 29.Rc8 Bd5
30.Rxc7 Bxc4 31.Rxc4 Rxf6 32.Kf2 Kg7 33.Rc7 a6 34.Ke2 Rd6 35.c4 Rd4 36.Rc6 a5
37.Ke3 g5 38.Rxb6 Rxc4 39.Rb5 f6 40.Rxa5 Rc2 41.g4 Rxh2 42.Ke4 Kg6 43.Ra6 h5
44.gxh5+ Rxh5 45.a3 Rh4+ 46.Ke3 Kf5 47.Ra5 Rh3 48.Ra4 Kg6 49.Kf2 Rh2+ 50.Kg3 Re2
51.Ra6 Kf5 52.Ra4 Re3 53.Kf2 Rd3 54.Ke2 Rc3 55.Kf2 Kg6 56.Ra6 Rc4 57.Kg3 Kf5
58.Ra5 g4 59.fxg4+ Rxg4+ 60.Kf3 Rc4 61.Ra6 Rc3+ 62.Ke2 e4 63.a4 Ra3 64.a5 Ke5
65.Ra8 f5 66.a6 Ra2+ 67.Kd1 Kf4 68.a7 e3 69.Kc1 e2 70.Re8 Kf3  0-1

[Event "SLO-chT"]
[Site "?"]
[Date "1995.??.??"]
[Round "1"]
[White "Krmelj, Natasa"]
[Black "Stevanec, Lea"]
[Result "1-0"]
[WhiteElo "2085"]
[BlackElo "2060"]

1.d4 Nf6 2.c4 g6 3.Nc3 d5 4.cxd5 Nxd5 5.e4 Nxc3 6.bxc3 Bg7 7.Bb5+ c6 8.Ba4 O-O
9.Ne2 e5 10.O-O b5 11.Bb3 Na6 12.Rb1 Re8 13.f4 exd4 14.f5 gxf5 15.Ng3 Nc5
16.Bxf7+ Kxf7 17.Nxf5 Bxf5 18.Rxf5+ Kg8 19.Rxc5 Rxe4 20.Bb2 Qd6 21.Rg5 Qf4
22.Bc1 Qf6 23.Rg3 dxc3 24.Be3 Rd8 25.Qc2 Rde8 26.Rf1 Qe5 27.Bh6 Qd4+ 28.Kh1 R8e7
29.Qb3+ Qc4 30.Qd1 Qd5 31.Qf3 Qd8 32.Bxg7 Rxg7 33.Rxg7+ Kxg7 34.Qxe4 Qd5
35.Qe7+ Kg6 36.Qf6+  1-0

[Event "Sollentuna op"]
[Site "Sollentuna"]
[Date "1995.??.??"]
[Round "5"]
[White "Hellborg, Teodor"]
[Black "Dzevlan, Miralem"]
[Result "0-1"]
[WhiteElo "2215"]
[BlackElo "2385"]

1.d4 Nf6 2.c4 g6 3.Nc3 d5 4.cxd5 Nxd5 5.e4 Nxc3 6.bxc3 Bg7 7.Bc4 O-O 8.Ne2 Nc6
9.Be3 e5 10.O-O Qe7 11.Bd3 b6 12.Rc1 Rd8 13.d5 Na5 14.f4 Bg4 15.f5 gxf5 16.h3 Bxe2
17.Qxe2 f4 18.Bd2 c5 19.g3 c4 20.Bc2 fxg3 21.Rf3 Rd6 22.Rxg3 Rg6 23.Kh2 Rd8
24.Rf3 Bh6 25.Bxh6 Rxh6 26.Rf5 Nb7 27.Qf2 Nd6 28.Rg1+ Rg6 29.Rh5 Kh8 30.Rg4 Rxg4
31.hxg4 Rg8 32.Kh3 Rg5 33.Rh6 Rg6 34.Rh5 Kg7 35.Kg3 h6 36.Qh2 Qf6 37.Qd2 Rg5
38.Rh2 Qg6 39.Qe2 h5 40.Rh4 Ne8 41.Kh3 Nf6 42.d6 hxg4+ 43.Kg2 Rh5 44.Rxh5 Nxh5
45.Qd1 Nf4+ 46.Kg1 Qg5 47.d7 Ne6 48.Ba4 Qe3+ 49.Kf1 Qh3+ 50.Kg1 Qe3+ 51.Kf1 g3
52.Qg4+ Kf8 53.Qf5 Qd3+ 54.Kg1 Nf4 55.d8=Q+ Qxd8 56.Qxe5 Qh4 57.Qd6+ Kg7
58.Qd2 g2 59.Qd4+ Kh7  0-1

[Event "ESP-chTa"]
[Site "Spain"]
[Date "1995.??.??"]
[Round "3"]
[White "Illescas Cordoba, Miguel"]
[Black "Sion Castro, Marcelino"]
[Result "1-0"]
[WhiteElo "2620"]
[BlackElo "2375"]

1.d4 Nf6 2.c4 g6 3.Nc3 d5 4.cxd5 Nxd5 5.e4 Nxc3 6.bxc3 Bg7 7.Bc4 O-O 8.Ne2 Nc6
9.O-O e5 10.Ba3 Re8 11.Bxf7+ Kxf7 12.Qb3+ Be6 13.d5 Na5 14.dxe6+ Rxe6 15.Qa4 c6
16.Rad1 Qc7 17.c4 b6 18.Rd3 Rd8 19.Rfd1 Rxd3 20.Rxd3 a6 21.Nc3 Bf6 22.Bb4 Nxc4
23.Qxa6 b5 24.g3 Be7 25.Bxe7 Kxe7 26.a4 Nb2 27.Rd2 Nxa4 28.Nxa4 bxa4 29.Qxa4 Rd6
30.Rb2 Kf6 31.Kg2 Kg7 32.Qa8 Qe7 33.Qc8 Qd8 34.Rb7+ Kf6 35.Qg4  1-0